| 000 | 01113cam a22003135i 4500 | ||
|---|---|---|---|
| 999 |
_c16876 _d16876 |
||
| 001 | 3486991 | ||
| 003 | EG-ScBUE | ||
| 005 | 20201102100953.0 | ||
| 008 | 940520s1994 nyu g 000 0 eng d | ||
| 020 | _a0679755330 | ||
| 020 | _a9780679755333 | ||
| 040 |
_aDLC _beng _erda _cDLC _dDLC _dEG-ScBUE |
||
| 082 | 0 | 4 |
_a812.54 _bHAN _222 |
| 100 | 1 |
_aHansberry, Lorraine, _d1930-1965, _eauthor. _930615 |
|
| 245 | 1 | 2 |
_aA raisin in the sun / _cLorraine Hansberry ; with an introduction by Robert Nemiroff. |
| 250 | _aFirst Vintage Books edition. | ||
| 264 | 1 |
_aNew York : _bVintage Books, _c1994. |
|
| 300 |
_a151 pages ; _c18 cm |
||
| 336 |
_atext _btxt _2rdacontent |
||
| 337 |
_aunmediated _bn _2rdamedia |
||
| 338 |
_avolume _bnc _2rdacarrier |
||
| 500 | _a"Originally published in 1958." | ||
| 650 | 7 |
_aAfrican American families _vDrama. _2BUEsh _930616 |
|
| 651 | _2BUEsh | ||
| 653 |
_bHHUUEENN _cJuly2012 |
||
| 700 | 1 |
_aNemiroff, Robert, _eauthor of introduction, etc. |
|
| 942 |
_2ddc _cBB |
||